A Statlib primer : the forecasting process through statistical computing

Bibliographic Details
Main Authors: Levenbach, Hans (Author), Berelsford, William M. (Author), Cleary, James (Author)
Format: Book
Published: Belmont, Calif. : Lifetime Learning , c1983
Subjects:

MARC

LEADER 00000cam a2200000 7i4500
001 0000003306
005 20030805093000.0
008 021118s1983
020 |a 053497936X 
090 0 0 |a QA276.4   |b .L48 
100 0 |a Levenbach, Hans ,   |e author 
245 1 2 |a A Statlib primer :   |b the forecasting process through statistical computing   |c H. Levenbach, W. M. Berelsford, J. P. Cleary 
260 2 |a Belmont, Calif. :   |b Lifetime Learning ,   |c c1983 
300 |a xii, 180 p. ;   |c 24 cm. 
504 |a Includes bibliography (p. 176) and index 
650 0 |a Business forecasting   |x Data processing 
650 0 |a Statlib (Computer programme) 
650 0 |a Time-series analysis   |x Data processing 
700 1 |a Berelsford, William M. ,   |e author 
700 1 |a Cleary, James ,   |e author 
999 |a 1000038432   |b Book   |c OPEN SHELF (30 DAYS)   |e Gong Badak Campus